• 首页
  • 本馆介绍
  • 公告通知
  • 最新文献
  • 馆藏检索
  • 电子资源
  • 读者导购
  • 参考咨询
  • 我的图书馆
  • 登录
  • 详细信息显示
  • 放入我的书架
  • 预约/预借图书
  • 作者相关作品
  • 分类相关作品
  • 丛书相关作品
  • 出版社相关作品

书目信息

  • 表格格式
  • 工作单格式
  • 卡片格式
题名:
再论中国花儿
    
 
作者: 赵永山 , 萧峻 主编
分册:  
出版信息: 天津   天津大学出版社  2021.3
页数: 305页
开本: 26cm
丛书名: 甘肃省联合国教科文组织协会“三个面向”系列丛书
单 册:
中图分类: J616.22
科图分类:
主题词: 花儿(音乐)--甘肃--文集
电子资源:
ISBN: 978-7-5618-6829-4
000 01667nam2 2200337 45
001 012001000743
005 20130909141738.0
010    @a978-7-5618-6829-4@dCNY69.00
100    @a20210413d2021 em y0chiy0110 ea
101 0  @achi
102    @aCN@b120000
105    @aag az 000yy
106    @ar
200 1  @a再论中国花儿@Azai lun zhong guo hua er@e庆祝花儿“申遗”成功10周年@dOf Chinese hua'er@ein celebration of its 10th anniversary of the proclamation as UNESO world intangible cultural heritage@f赵永山, 萧峻主编@zeng
210    @a天津@c天津大学出版社@d2021.3
215    @a305页@c图@d26cm
225 2  @a甘肃省联合国教科文组织协会“三个面向”系列丛书@v5
300    @a第四届丝绸之路 (敦煌) 国际文化博览会活动成果 第九届敦煌行·丝绸之路国际旅游节活动成果
300    @a并列题名:Of Chinese hua'er
300    @a其他题名:庆祝花儿“申遗”成功10周年
320    @a有书目
330    @a本书分序、探索与争鸣、传承与发展、问题与建议、后记几个部分,涉及著名花儿歌手研究、花儿民俗文化研究、花儿文化产业研究、花儿传统音乐研究、花儿生态保护研究、花儿校园传承研究等内容,近35万字。文集收录论文56篇,2/3论文的作者为全国花儿界有一定影响力的专家、学者,1/3论文的作者是我国部分高校的知名教授和老师。
461  0 @12001 @a甘肃省联合国教科文组织协会“三个面向”系列丛书
510 1  @aOf Chinese hua'er@ein celebration of its 10th anniversary of the proclamation as UNESO world intangible cultural heritage@zeng
517 1  @a庆祝花儿“申遗”成功10周年
606 0  @a花儿(音乐)@y甘肃@j文集
690    @aJ616.22@v5
701  0 @a赵永山@Azhao yong shan@4主编
701  0 @a萧峻@Axiao jun@4主编
801    @aCN@b江苏凤凰@c20211018
905    @b1340860-3@dJ616.22@e1269@f4
    
    再论中国花儿:庆祝花儿“申遗”成功10周年=Of Chinese hua'er:in celebration of its 10th anniversary of the proclamation as UNESO world intangible cultural heritage/赵永山, 萧峻主编.-天津:天津大学出版社,2021.3
    305页:图;26cm.-(甘肃省联合国教科文组织协会“三个面向”系列丛书;5)
    第四届丝绸之路 (敦煌) 国际文化博览会活动成果 第九届敦煌行·丝绸之路国际旅游节活动成果.-并列题名:Of Chinese hua'er.-其他题名:庆祝花儿“申遗”成功10周年
    
    ISBN 978-7-5618-6829-4:CNY69.00
    本书分序、探索与争鸣、传承与发展、问题与建议、后记几个部分,涉及著名花儿歌手研究、花儿民俗文化研究、花儿文化产业研究、花儿传统音乐研究、花儿生态保护研究、花儿校园传承研究等内容,近35万字。文集收录论文56篇,2/3论文的作者为全国花儿界有一定影响力的专家、学者,1/3论文的作者是我国部分高校的知名教授和老师。
●
相关链接 在E读中查询图书 在五车中查询图书 在当当中查询图书 在豆瓣中查询图书


正题名:再论中国花儿     索取号:J616.22/1269         预约/预借

序号 登录号 条形码 馆藏地/架位号 状态 备注
1 1340860   213408604   第一样本阅览室/ [索取号:J616.22/1269] 在馆    
2 1340861   213408613   第一借阅区/ [索取号:J616.22/1269] 在馆    
3 1340862   213408622   第一借阅区/ [索取号:J616.22/1269] 在馆    
4 1340863   213408631   第一借阅区/ [索取号:J616.22/1269] 在馆    
唐山师范学院图书馆 欢迎您!
大连网信软件有限公司© 版权所有